Géographie de l'Empire néerlandais - Statistiques

Statistiques générales
  • Ce quiz a été pris 3 584 fois
  • Le résultat moyen est 11 sur 20
Statistiques - réponses
Question Réponse % Correct
Pays anciennement connu sous le nom des Indes orientales néerlandaises Indonésie
91%
Pays africain qui compte le plus de personnes d'origine néerlandaise Afrique du Sud
90%
Pays d'Amérique du Sud qui parle néerlandais Suriname
86%
Oiseau disparu peu après la colonisation de l'île Maurice en 1638 Dodo
77%
Pays insulaire connu sous le nom de Ceylan néerlandais entre 1640 et 1796 Sri Lanka
73%
Petite île des Caraïbes que les Pays-Bas partagent avec la France Saint-Martin
71%
Langue d'origine néerlandaise parlée aujourd'hui dans ce pays Afrikaans
67%
Deux mégapoles modernes qui faisaient autrefois partie de l'empire néerlandais Jakarta
63%
Mot signifiant "agriculteur", couramment utilisé pour désigner les colons néerlandais dans ce pays Boer
55%
Explorateur anglais, travaillant pour les Hollandais, qui découvrit une rivière à New Yorket une baie au Canada Henry Hudson
55%
Noms des îles néerlandaises "ABC" des Caraïbes Curaçao
53%
Produit principal d'importation de la compagnie des Indes orientales néerlandaises Épices
53%
Noms des îles néerlandaises "ABC" des Caraïbes Aruba
48%
Pays africain autrefois connu sous le nom de Côte-de-l'Or néerlandaise Ghana
48%
Pays européen "envahi" avec succès par les Néerlandais lors de la Glorieuse Révolution de 1688 Angleterre
46%
Deux mégapoles modernes qui faisaient autrefois partie de l'empire néerlandais New York
44%
Noms de l'époque néerlandaise de ces villes Nouvelle-Amsterdam
35%
Noms des îles néerlandaises "ABC" des Caraïbes Bonaire
33%
Explorateur qui a découvert la Tasmanie en 1642 Abel Tasman
32%
Noms de l'époque néerlandaise de ces villes Batavia
21%
Aucun quiz correspondant
Distribution des résultats
% des personnes avec chaque résultat
Percentile par nombre de réponses
Votre historique - résultats
Vous n’avez pas pris ce quiz